[Event "SVK-chT1E 1617"]
[Site "Slovakia"]
[Date "2016.10.16"]
[Round "2.8"]
[White "Rogos, Jan"]
[Black "Balala, Anton"]
[Result "1/2-1/2"]
[WhiteElo "2074"]
[BlackElo "1809"]
[PlyCount "95"]
[EventDate "2016.10.15"]
[EventType "team-tourn"]
[EventRounds "11"]
[EventCountry "SVK"]
[SourceTitle "CBM 175 Extra"]
[Source "ChessBase"]
[SourceDate "2016.12.12"]
[SourceVersion "1"]
[SourceVersionDate "2016.12.12"]
[SourceQuality "1"]
[WhiteTeam "Jelsava Magnezit"]
[BlackTeam "Liptovska Stiavnica"]
[WhiteTeamCountry "SVK"]
[BlackTeamCountry "SVK"]

1. e4 c5 2. Nf3 Nc6 3. d4 cxd4 4. Nxd4 Qb6 5. Nb3 Nf6 6. Nc3 e6 7. Be3 Qc7 8. a3 Be7 9. Be2 0-0 10. 0-0 a6 11. f3 b5 12. Qd2 Bb7 13. Bf4 d6 14. Kh1 Ne5 15. Bg3 Rac8 16. Rac1 Rfd8 17. Qe1 Nh5 18. f4 Nxg3+ 19. Qxg3 Nc4 20. Rb1 Nxa3 21. bxa3 Qxc3 22. Bd3 Qf6 23. Nd2 Qh4 24. Qe3 d5 25. e5 d4 26. Qe2 Bxa3 27. Ne4 Qe7 28. Ng5 g6 29. Qg4 Qf8 30. Nh3 Qg7 31. Ng1 Be7 32. Ne2 Rc5 33. Qg3 f5 34. exf6 Bxf6 35. Qh3 Qe7 36. Ng3 Bc8 37. Ne4 Rh5 38. Qf3 Rhd5 39. Rbe1 Bg7 40. Ng5 R5d6 41. Qg3 Qc7 42. Nxh7 e5 43. fxe5 Bxe5 44. Rxe5 Qxh7 45. Rfe1 Rf6 46. Re7 Qh6 47. Qc7 Rdf8 48. Re8 1/2-1/2

[Event "SVK-chT2C 1516"]
[Site "Slovakia"]
[Date "2015.10.17"]
[Round "1.8"]
[White "Pitek, Lubomir"]
[Black "Balala, Anton"]
[Result "1/2-1/2"]
[WhiteElo "1844"]
[BlackElo "1832"]
[PlyCount "63"]
[EventDate "2015.10.17"]
[EventType "team-tourn"]
[EventRounds "11"]
[EventCountry "SVK"]
[SourceTitle "CBM 169 Extra"]
[Source "ChessBase"]
[SourceDate "2015.12.18"]
[SourceVersion "1"]
[SourceVersionDate "2015.12.18"]
[SourceQuality "1"]
[WhiteTeam "Rajecke Teplice"]
[BlackTeam "Liptovska Stiavnica"]
[WhiteTeamCountry "SVK"]
[BlackTeamCountry "SVK"]

1. e4 c5 2. Nf3 Nc6 3. d4 cxd4 4. Nxd4 Qb6 5. Nxc6 bxc6 6. Nc3 g6 7. Bc4 Bg7 8. Bb3 Ba6 9. Na4 Qb4+ 10. Nc3 Bxc3+ 11. bxc3 Qxe4+ 12. Be3 Qxg2 13. Kd2 Nf6 14. Kc1 0-0 15. Kb2 d6 16. f4 c5 17. f5 c4 18. fxg6 fxg6 19. Ba4 Qb7+ 20. Ka3 Rab8 21. Rb1 Qc7 22. Qd4 Qa5 23. Rb4 Nd5 24. Rhb1 Nxb4 25. cxb4 Qe5 26. b5 Qxd4 27. Bxd4 Rb7 28. Kb4 Rfb8 29. Ka5 e5 30. Bc3 d5 31. Kxa6 d4 32. Bb2 1/2-1/2

[Event "SVK-chT2C 1415"]
[Site "Slovakia"]
[Date "2014.12.06"]
[Round "5.7"]
[White "Maslak, Anton"]
[Black "Balala, Anton"]
[Result "0-1"]
[WhiteElo "1641"]
[BlackElo "1840"]
[PlyCount "30"]
[EventDate "2014.10.11"]
[EventType "team-tourn"]
[EventRounds "11"]
[EventCountry "SVK"]
[SourceTitle "EXT 2016"]
[Source "ChessBase"]
[SourceDate "2015.10.08"]
[SourceVersion "1"]
[SourceVersionDate "2015.10.08"]
[SourceQuality "1"]
[WhiteTeam "Kysucke Nove Mesto"]
[BlackTeam "Liptovska Stiavnica"]
[WhiteTeamCountry "SVK"]
[BlackTeamCountry "SVK"]

1. e4 e5 2. f4 d5 3. exd5 e4 4. d3 Nf6 5. Nc3 Bb4 6. Bd2 e3 7. Bxe3 0-0 8. Qf3 Re8 9. 0-0-0 Bg4 10. Qg3 Bxc3 11. bxc3 Bxd1 12. Kxd1 Nxd5 13. Bd2 Qf6 14. c4 Qa1+ 15. Bc1 Ne3+ 0-1

[Event "SVK-chT2C 1314"]
[Site "Slovakia"]
[Date "2014.02.01"]
[Round "7.7"]
[White "Kerdik, Adam"]
[Black "Balala, Anton"]
[Result "1-0"]
[WhiteElo "1956"]
[BlackElo "1879"]
[PlyCount "89"]
[EventDate "2013.10.19"]
[EventType "team-tourn"]
[EventRounds "11"]
[EventCountry "SVK"]
[SourceTitle "EXT 2015"]
[Source "ChessBase"]
[SourceDate "2014.11.20"]
[SourceVersion "1"]
[SourceVersionDate "2014.11.20"]
[SourceQuality "1"]
[WhiteTeam "Liptov Chess School II"]
[BlackTeam "Liptovska Stiavnica"]
[WhiteTeamCountry "SVK"]
[BlackTeamCountry "SVK"]

1. e4 c5 2. Nf3 Nc6 3. d4 cxd4 4. Nxd4 Qb6 5. Nb3 Nf6 6. Nc3 e6 7. Be3 Qc7 8. Bd3 a6 9. a4 b6 10. 0-0 Be7 11. f3 0-0 12. Qe2 d6 13. Rfd1 Bb7 14. Qf2 Nd7 15. Ne2 Bf6 16. c3 Nce5 17. Nf4 g6 18. h4 Bg7 19. h5 Rae8 20. Be2 Nc5 21. Nxc5 dxc5 22. a5 Rc8 23. hxg6 hxg6 24. axb6 Qc6 25. Bxa6 Bxa6 26. Rxa6 Nc4 27. Ra7 Qxb6 28. Rdd7 Ne5 29. Rdb7 Qd6 30. Rb5 Nd7 31. Qd2 Qxd2 32. Bxd2 Rfd8 33. Be3 Be5 34. Rbb7 Nf8 35. Rxf7 Rd1+ 36. Kf2 Rb8 37. Rfb7 Rbd8 38. Ra6 R1d2+ 39. Bxd2 Rxd2+ 40. Ke3 Bxf4+ 41. Kxf4 Rxg2 42. Ra8 g5+ 43. Ke3 g4 44. fxg4 e5 45. Rbb8 1-0

[Event "SVK-chT2C 1314"]
[Site "Slovakia"]
[Date "2014.01.11"]
[Round "5.7"]
[White "Kekely, Lubos"]
[Black "Balala, Anton"]
[Result "1-0"]
[WhiteElo "2098"]
[BlackElo "1879"]
[PlyCount "65"]
[EventDate "2013.10.19"]
[EventType "team-tourn"]
[EventRounds "11"]
[EventCountry "SVK"]
[SourceTitle "EXT 2015"]
[Source "ChessBase"]
[SourceDate "2014.11.20"]
[SourceVersion "1"]
[SourceVersionDate "2014.11.20"]
[SourceQuality "1"]
[WhiteTeam "Zilina DMS"]
[BlackTeam "Liptovska Stiavnica"]
[WhiteTeamCountry "SVK"]
[BlackTeamCountry "SVK"]

1. e4 c5 2. Nf3 Nc6 3. d4 cxd4 4. Nxd4 Qb6 5. Nb3 Nf6 6. Nc3 e6 7. Be3 Qc7 8. a3 a6 9. Be2 Be7 10. 0-0 0-0 11. f4 d6 12. Qe1 b5 13. Qg3 Re8 14. Rad1 Bb7 15. Nd4 g6 16. f5 Nxd4 17. Bxd4 e5 18. Be3 Nxe4 19. Nxe4 Bxe4 20. f6 Bf8 21. Qh4 d5 22. Bf3 Qc6 23. b4 Bxf3 24. Rxf3 Qc4 25. Qh3 Qc8 26. g4 Qxc2 27. Rc1 Qe4 28. Bc5 Rac8 29. Rcf1 Bxc5+ 30. bxc5 Qd4+ 31. Kh1 Qxc5 32. Qh4 Qc2 33. Qh6 1-0

[Event "SVK-chT2C 1314"]
[Site "Slovakia"]
[Date "2013.10.20"]
[Round "2.7"]
[White "Balala, Anton"]
[Black "Misovic, Jan"]
[Result "0-1"]
[WhiteElo "1879"]
[BlackElo "1955"]
[PlyCount "50"]
[EventDate "2013.10.19"]
[EventType "team-tourn"]
[EventRounds "11"]
[EventCountry "SVK"]
[SourceTitle "EXT 2015"]
[Source "ChessBase"]
[SourceDate "2014.11.20"]
[SourceVersion "1"]
[SourceVersionDate "2014.11.20"]
[SourceQuality "1"]
[WhiteTeam "Liptovska Stiavnica"]
[BlackTeam "Zilina Mladost II"]
[WhiteTeamCountry "SVK"]
[BlackTeamCountry "SVK"]

1. e4 c5 2. d4 cxd4 3. c3 d5 4. Qxd4 dxe4 5. Qxe4 Nf6 6. Bb5+ Nbd7 7. Qd4 a6 8. Bc4 Qc7 9. Bb3 e5 10. Qd1 Bc5 11. Be3 0-0 12. Nf3 Bxe3 13. fxe3 Qc5 14. Qe2 e4 15. Nd4 Ne5 16. 0-0 Nd3 17. h3 Qg5 18. Kh1 Nh5 19. Kh2 Ng3 20. Nf3 Nxf1+ 21. Qxf1 exf3 22. gxf3 Qxe3 23. Na3 Be6 24. Nc4 Bxc4 25. Bxc4 Qf4+ 0-1